Normal view
MARC view
Entry Topical Term
001 - CONTROL NUMBER
- control field: 32541
003 - CONTROL NUMBER IDENTIFIER
- control field:
005 - DATE AND TIME OF LATEST TRANSACTION
- control field: 20240209105013.0
008 - FIXED-LENGTH DATA ELEMENTS
- fixed length control field: 240209|| aca||aabn | a|a d
040 ## - CATALOGING SOURCE
- Original cataloging agency:
- Transcribing agency:
150 ## - HEADING--TOPICAL TERM
- Topical term or geographic name entry element: Electrical Engineering
- Form subdivision: Materials
670 ## - SOURCE DATA FOUND
- Source citation: Work cat.: ()16552: ODUNSI, Johnson A. aut 28983, Electrical maintenance and repair / , 1998
